| 000 | 00722nam a2200193Ia 4500 | ||
|---|---|---|---|
| 999 |
_c12529 _d12529 |
||
| 082 | _aTD.0048 | ||
| 100 | _aDutta, Surjit Kumar | ||
| 245 | 0 | _aDevelopment and the structure of social inequality in rural India : A sociological study based on three villages of Rohtas district, Bihar | |
| 260 |
_c1986 _bIndian Institute of Technology, Kanpur |
||
| 300 | _a541p. | ||
| 650 | _aSOCIAL EQUALITY//EQUALITY | ||
| 650 | _aINEQUALITY//EQUALITY | ||
| 650 | _aROHTAS DISTRICT - RURAL CONDITIONS | ||
| 650 | _aSOCIOLOGY, RURAL - BIHAR - ROHTAS DISTRICT | ||
| 650 | _aEQUALITY - BIHAR - ROHTAS DISTRICT | ||
| 650 | _aBIHAR - RURAL CONDITIONS///ROHTAS DISTRICT - RURAL CONDITIONS | ||
| 710 | _aPandey, R. | ||
| 942 |
_cTH _2ddc |
||